000 00216nam a22000977a 4500
041 _aENG
245 _aDrinage Principles & Applications
260 _aDelhi
_bTLRI
_c1996
650 _aIDE ( 18 )
856 _uIDE ( 18 )
999 _c1512
_d1512